The Iliad (Record no. 10194)
[ view plain ]
| 000 -LEADER | |
|---|---|
| fixed length control field | 00503cam a2200193ua 4500 |
| 001 - CONTROL NUMBER | |
| control field | 11362 |
| 005 - DATE AND TIME OF LATEST TRANSACTION | |
| control field | 20260515114737.0 |
| 008 - FIXED-LENGTH DATA ELEMENTS--GENERAL INFORMATION | |
| fixed length control field | 190914n ii |||gr||||Z||||||eng |
| 020 ## - INTERNATIONAL STANDARD BOOK NUMBER | |
| International Standard Book Number | 9788175993440 |
| 040 ## - CATALOGING SOURCE | |
| Transcribing agency | MAIN |
| 082 ## - DEWEY DECIMAL CLASSIFICATION NUMBER | |
| Classification number | 883.01 |
| 100 ## - MAIN ENTRY--PERSONAL NAME | |
| Personal name | Homer, |
| Relator term | Author. |
| 245 ## - TITLE STATEMENT | |
| Title | The Iliad |
| Statement of responsibility, etc. | Translated by Samuel Butler |
| 260 ## - PUBLICATION, DISTRIBUTION, ETC. | |
| Place of publication, distribution, etc. | NewDelhi: |
| Name of publisher, distributor, etc. | Finger print publishing, |
| Date of publication, distribution, etc. | 2017. |
| 300 ## - PHYSICAL DESCRIPTION | |
| Extent | 352p. |
| 653 ## - INDEX TERM--UNCONTROLLED | |
| Uncontrolled term | Classical Greek epic poetry & fiction |
| 653 ## - INDEX TERM--UNCONTROLLED | |
| Uncontrolled term | English Literature |
| 942 ## - ADDED ENTRY ELEMENTS (KOHA) | |
| Koha item type | Books |
| Withdrawn status | Lost status | Damaged status | Not for loan | Home library | Current library | Shelving location | Date acquired | Total checkouts | Full call number | Barcode | Date last seen | Date last checked out | Copy number | Price effective from | Koha item type |
|---|---|---|---|---|---|---|---|---|---|---|---|---|---|---|---|
| Naharkatiya College Library | Naharkatiya College Library | General stacks | 09/19/2020 | 2 | 883.01Greek literature | HOM | 27625 | 12/17/2021 | 12/01/2021 | 1 | 09/19/2020 | Books | ||||
| Naharkatiya College Library | Naharkatiya College Library | General stacks | 09/19/2020 | 2 | 883.01Greek literature | HOM | 27626 | 09/22/2022 | 09/19/2022 | 2 | 09/19/2020 | Books | ||||
| Naharkatiya College Library | Naharkatiya College Library | General stacks | 09/19/2020 | 883.01Greek literature | HOM | 27627 | 09/19/2020 | 3 | 09/19/2020 | Books |